[Event "EU-ch 6th"]
[Site "Warsaw"]
[Date "2005.06.29"]
[Round "11"]
[White "Ftacnik, Lubomir"]
[Black "Gurevich, Mikhail"]
[Result "1/2-1/2"]
[WhiteElo "2540"]
[BlackElo "2630"]
[Annotator "Gurevich,M"]
[PlyCount "87"]
[EventDate "2005.06.18"]
[EventType "swiss"]
[EventRounds "13"]
[EventCountry "POL"]
[SourceTitle "CBM 108"]
[Source "ChessBase"]
[SourceDate "2005.09.26"]
[SourceVersion "1"]
[SourceVersionDate "2005.09.26"]
[SourceQuality "1"]

1. d4 d5 2. c4 c6 3. Nf3 Nf6 4. Nc3 e6 5. e3 a6 6. b3 Bb4 7. Bd2 Nbd7 8. Bd3
O-O 9. O-O Bd6 10. Qc2 (10. h3 e5 11. cxd5 cxd5 12. e4 dxe4 13. Nxe4 Nxe4 14.
Bxe4 exd4 15. Bg5 Nf6 16. Qxd4 Bh2+ 17. Kxh2 Qxd4 18. Nxd4 Nxe4 19. Be3 Bd7 $11
{1/2-1/2 Fridman,D-Najer,E/Minneapolis USA 2005/The Week in Chess 551 (31)}) (
10. Rc1 e5 11. cxd5 cxd5 12. dxe5 Nxe5 13. Nxe5 Bxe5 14. Ne2 Ng4 15. h3 Nf6 16.
Bc3 Qe7 17. Qc2 Bxc3 18. Qxc3 Bd7 19. Nd4 Rfc8 20. Qa5 Qd6 21. Be2 g6 22. Bf3
$14 {1-0 Dreev,A-Godena,M/Warsaw POL 2005/The Week in Chess 555 (58)}) (10. e4
dxc4 11. bxc4 e5 12. d5 Nc5 13. Bc2 cxd5 14. cxd5 Bg4 15. h3 Bh5 16. a4 Rc8 17.
Re1 Ncd7 18. Rb1 Rc7 19. Rb2 Qe7 $132 {1/2-1/2 Oei,H-Gurevich,M/Andorra la
Vella AND 2005/The Week in Chess 558 (94)}) (10. c5 Bb8 11. Qc2 e5 12. dxe5
Nxe5 13. Nxe5 Bxe5 14. f4 {1/2-1/2 Gozzoli,Y-Malakhatko,V/Paris FRA 2005/The
Week in Chess 559 (14)}) 10... h6 (10... Re8 11. Rfe1 h6 12. h3 e5 13. cxd5
cxd5 14. e4 dxe4 15. Nxe4 Nxe4 16. Bxe4 exd4 17. Nxd4 Nf6 18. Bf3 Be5 19. Bc3
Qb6 20. Rad1 Bd7 $11 {1/2-1/2 Shabalov,A-Najer,E/Las Vegas 2004/CBM 100 ext 
(37)}) 11. Rad1 (11. Rfd1 e5 12. cxd5 cxd5 13. dxe5 Nxe5 14. Nxe5 Bxe5 15. h3
Be6 16. f4 Bb8 17. Ne2 Ba7 18. Qb2 Qd7 19. Nd4 Bxh3 20. gxh3 Qxh3 21. Bf1 Qg3+
22. Bg2 Rfe8 23. Bc1 Ng4 24. Nf5 Qh2+ 25. Kf1 Qxf4+ {0-1 Vatter,H-Godena,M/
Pula 2004/CBM 100 ext (25)}) 11... e5 12. cxd5 cxd5 13. e4 $5 {TN} (13. dxe5
Nxe5 14. Nxe5 Bxe5 15. Ne2 (15. f4 Bd6 16. Bf5 Re8 17. Qd3 Bxf5 18. Qxf5 Bb4
19. Be1 Qb6 20. Nxd5 Nxd5 21. Rxd5 Bxe1 22. Rxe1 Rxe3 $15 {0-1 Blagojevic,
D-Sokolov,I/Neum BIH 2005/The Week in Chess 554 (64)}) 15... Bg4 16. h3 Rc8 17.
Qb1 Bd7 18. Rc1 Qe7 19. Rxc8 Rxc8 20. Rc1 $11 {0-1 Flear,G-Godena,M/France
2003/CBM 094 (38)}) 13... dxe4 (13... exd4 14. Nxd5 Nxd5 15. exd5 Nf6 16. Nxd4
$14) 14. Nxe4 Nxe4 15. Bxe4 exd4 16. Bc1 $5 (16. Nxd4 Nf6 17. Rfe1 $5 (17. Bf3
Bxh2+ 18. Kxh2 Qxd4 $44) 17... Bg4 $6 (17... Bxh2+ 18. Kxh2 Qxd4 19. Bf4 $44) (
17... Re8 $5) 18. f3 Rc8 19. Qd3 $14) 16... Nf6 17. Bb2 (17. Rxd4 Re8 $5 18.
Bb2 Qb6 $11) 17... Re8 (17... Nxe4 18. Qxe4 $36) 18. Bf5 Qa5 $1 19. Nxd4 (19.
Bxc8 Raxc8 20. Qb1 Bb4 $5 21. Bxd4 Ne4 $36) 19... Be5 20. Bxc8 (20. Bd3 Bg4 $36
) 20... Raxc8 21. Qb1 Ne4 $15 (21... Nd5 $5 {[/\22...Nf4|^>>,22...Nc3]}) 22.
Rfe1 $2 Nc3 $2 (22... Nxf2 $3 23. Kxf2 (23. Rxe5 Nxd1 $19 24. Rxa5 Re1#) 23...
Bxd4+ 24. Bxd4 (24. Rxd4 Rxe1 25. Qxe1 Rc2+ 26. Kf1 Qxe1+ 27. Kxe1 Rxb2 $19)
24... Rxe1 25. Rxe1 Qd2+ 26. Kf1 (26. Kg3 Qxd4 $19) 26... Rc2 $19) 23. Bxc3
Qxc3 24. Nf3 Bf6 $11 25. Rxe8+ Rxe8 26. Rd3 Qa5 27. Rd2 g6 28. g3 Re6 29. Qd3
Kg7 30. Kg2 Rc6 31. Qe4 Qc7 32. Qe8 Re6 $5 (32... Rd6 33. Rxd6 Qxd6 34. h4 $11)
33. Rd7 Qxg3+ $5 34. hxg3 Rxe8 35. Rxb7 Re2 36. a4 a5 37. Rb5 (37. b4 Rb2 38.
b5 Ra2 $17) 37... Bc3 38. Rd5 $1 {[/\39.Rd3]} Rb2 39. Rd3 $11 Bb4 40. Ne5 Re2
41. Rd5 Rb2 42. Nc4 Rxb3 43. Nxa5 Bxa5 44. Rxa5 1/2-1/2

[Event "FRA-chT Top 16 GpB"]
[Site "Cannes"]
[Date "2005.05.07"]
[Round "11"]
[White "Gurevich, Mikhail"]
[Black "Schlosser, Philipp"]
[Result "1/2-1/2"]
[WhiteElo "2634"]
[BlackElo "2559"]
[Annotator "Gurevich,M"]
[PlyCount "57"]
[EventDate "2005.03.31"]
[EventType "team"]
[EventRounds "7"]
[EventCountry "FRA"]
[SourceTitle "CBM 107"]
[Source "ChessBase"]
[SourceDate "2005.08.01"]
[SourceVersion "1"]
[SourceVersionDate "2005.08.01"]
[SourceQuality "1"]

1. d4 d5 2. c4 e6 3. Nc3 c6 4. e3 Nf6 5. Nf3 Nbd7 6. Qc2 Bd6 7. g4 Nxg4 8. Rg1
f5 9. h3 Ngf6 10. Rxg7 Ne4 11. Bd2 Qf6 (11... Nf8 12. Rg2 Ng6 13. O-O-O Bd7 14.
Qb3 Qb6 15. h4 Nxd2 16. Kxd2 Qxb3 17. axb3 Be7 18. cxd5 cxd5 19. Bb5 Bf6 20. h5
Ne7 21. Ne5 $36 {1-0 Sargissian,G-Al Sayed,M/Caleta ENG 2005/The Week in Chess
534 (44)}) 12. Rg2 Nf8 13. O-O-O (13. Nxe4 fxe4 14. Ne5 Ng6 15. Nxg6 hxg6 16.
Qb3 Rxh3 17. O-O-O Rh2 18. Bb4 Rxg2 19. Bxg2 {1/2-1/2 Gelfand,B-Bruzon,L/
Pamplona ESP 2004/The Week in Chess 530 (19)}) 13... Ng6 14. Bd3 Bd7 15. Rdg1
Bc7 16. Be1 O-O-O 17. Na4 $5 Kb8 (17... dxc4 18. Bxc4 b5 $2 19. Bxb5 cxb5 20.
Ba5 $18) 18. Kb1 dxc4 $5 {TN} (18... e5 {-Kasparov,G-Nielsen,P.H. Reykjavic
rapid 2004}) 19. Qxc4 e5 $132 {[/\20...Be6;20...exd4]} (19... b5 20. Qb3 $14)
20. dxe5 Nxe5 21. Nxe5 Qxe5 {[/\22...Be6,23...Qd5]} (21... Bxe5 $5 22. f3 (22.
f4 Be6 (22... Bd6 23. Bxe4 fxe4 24. Bc3 $18) 23. Qc2 (23. fxe5 Qf7 $1 24. Qc2
Bxa2+ 25. Ka1 Bb3 $17) 23... Qf7 $1 24. b3 Bf6 $17) 22... Be6 23. Qc2 Qf7 24.
b3 Nd6 $13) 22. f4 $5 Qe6 (22... Qe8 23. Bxe4 Qxe4+ 24. Qxe4 fxe4 25. Bh4 Rde8
(25... Rdf8) 26. Bf6 Rhf8 27. Rg7 Bxh3 28. Rxh7 $13) 23. Qxe6 Bxe6 24. Bxe4
fxe4 25. Bc3 (25. Nc5 Bxh3 26. Rg7 Rd5 27. b4 h5 $15) 25... Rhg8 26. Rxg8 Rxg8
27. Rxg8+ Bxg8 28. Nc5 Bb6 $11 29. Nd7+ 1/2-1/2

[Event "Cappelle op 12th"]
[Site "Cappelle la Grande"]
[Date "1996.??.??"]
[Round "?"]
[White "Pedersen, Steffen"]
[Black "Gurevich, Mikhail"]
[Result "0-1"]
[WhiteElo "2405"]
[BlackElo "2590"]
[Annotator "Gurevich,M"]
[PlyCount "58"]
[EventDate "1996.02.??"]
[EventType "swiss"]
[EventRounds "9"]
[EventCountry "FRA"]
[SourceTitle "CBM 051"]
[Source "ChessBase"]
[SourceDate "1996.04.01"]
[SourceVersion "1"]
[SourceVersionDate "1996.04.01"]
[SourceQuality "1"]

1. d4 Nf6 2. c4 e6 3. Nf3 d5 4. Nc3 c6 5. e3 Nbd7 6. Qc2 Bd6 7. Bd2 O-O 8. h3
a6 9. g4 (9. O-O-O dxc4 10. Bxc4 c5 11. dxc5 Nxc5 12. e4 b5 13. Be3 Qc7 14.
Rxd6 Qxd6 15. e5 Qc7 16. Be2 $36 {Gabriel,C-Chernin,A Osterkars op 1995}) 9...
b6 $5 {TN [/\10...Bb7, 11...c5]} 10. cxd5 (10. g5 Nh5 11. Bd3 g6 $13) 10...
cxd5 11. Bd3 {[/\12.g5]} g6 {[/\12...Bb7, 13...Rc8<=><<]} 12. O-O-O $6 (12. Rc1
$5 Bb7 13. Qb3 Rc8 14. Ke2 $13) 12... Bb7 13. Kb1 Rc8 14. Qb3 b5 {[/\Nd7-b6-c4,
/\15...Rc4-><<]} 15. a4 Ne4 16. Be1 (16. Bxe4 $2 dxe4 17. Ng1 b4 $19) 16...
Nxc3+ 17. Bxc3 Bc6 $5 (17... b4 18. Be1 Qa5 19. Qa2 $1 $13 {(/\20.b3)}) 18.
axb5 Bxb5 19. Bxb5 Rb8 $1 $36 20. h4 Rxb5 21. Qc2 Qf6 $1 {[/\22...Rfb8-><<]}
22. Rh3 (22. Ng5 h6 23. Nh3 Qf3 $17) 22... Rc8 23. g5 Qe7 (23... Qf5 24. Qxf5
exf5 25. Kc2 $13) 24. h5 Ba3 $1 {[/\25...Rxb2]} 25. b3 $8 Nf8 $1 $19 {[><h7;/
\26...Qb7|^]} 26. Rd3 a5 27. Ka2 a4 $1 28. Nd2 (28. bxa4 Rb2+ 29. Qxb2 Bxb2 30.
Kxb2 Qd7 $1 31. Ka3 e5 $19) 28... axb3+ 29. Nxb3 Qa7 (29... Qa7 30. Kb1 Rxb3+
31. Qxb3 Rb8 $19) 0-1

[Event "Istanbul op 5th"]
[Site "Istanbul"]
[Date "2006.09.02"]
[Round "4"]
[White "Shalimov, Valery"]
[Black "Gurevich, Mikhail"]
[Result "0-1"]
[WhiteElo "2426"]
[BlackElo "2643"]
[Annotator "Gurevich,M"]
[PlyCount "88"]
[EventDate "2006.08.30"]
[EventType "swiss"]
[EventRounds "9"]
[EventCountry "TUR"]
[SourceTitle "EXT 2007"]
[Source "ChessBase"]
[SourceDate "2006.11.23"]
[SourceVersion "1"]
[SourceVersionDate "2006.11.23"]
[SourceQuality "1"]

1. d4 e6 2. c4 Nf6 3. Nf3 d5 4. Nc3 c6 5. e3 a6 6. Bd2 c5 7. Rc1 (7. cxd5 exd5
8. Be2 Nc6 9. Ne5 cxd4 10. exd4 Bd6 11. Nxc6 bxc6 12. Bg5 Rb8 13. Qd2 h6 14.
Bh4 O-O 15. Rc1 Re8 16. Bg3 Bxg3 17. hxg3 c5 18. b3 Rb4 19. Rh4 Bg4 20. dxc5 d4
21. f3 Qc7 22. Kf2 dxc3 23. Rxc3 Rbe4 24. Bf1 Rd8 25. Qc1 Red4 $17 {0-1 Bareev,
E-Malakhov,V/Sochi 2006/CBM 111 ext (34)} 26. Bb5) 7... Nc6 8. cxd5 exd5 9. Be2
Bd6 $5 {TN} (9... Bg4 10. O-O Bd6 11. dxc5 Bxc5 12. h3 Be6 13. Qa4 {1/2-1/2
Comas Fabrego,L-Saldano Dayer,H/Lorca 2005/CBM 111_02}) 10. dxc5 Bxc5 11. O-O
O-O 12. Qa4 Qe7 (12... d4 13. exd4 Nxd4 14. Nxd4 Qxd4 15. Bf4 Bg4 $11) 13. Rfd1
Be6 14. Qh4 Rfd8 15. Bd3 h6 16. Ne2 $5 {[/\17.Bc3,Ned4,Nf4]} (16. Na4 $5 Ba7 (
16... Bd6 $5) 17. Bc3 Ne4 18. Qxe7 Nxe7 19. Bd4 $14) 16... Bd6 17. Ned4 Ne5 18.
Nxe5 Bxe5 19. Bc3 Bg4 $5 20. f3 (20. Re1 $5 {[/\21.h3,22.Red1]}) 20... Bd7 $13
21. Re1 Re8 22. f4 Bd6 23. Nf5 Bxf5 24. Bxf6 $6 (24. Bxf5 Ne4 25. Qxe7 Rxe7 26.
Bd4 g6 $132) 24... Qe6 $1 25. Bxf5 Qxf5 26. Bd4 Rac8 27. Qg3 g5 $5 28. Qf3 $138
Rxc1 29. Rxc1 gxf4 30. g3 Re4 (30... Be5 $5 $15) 31. gxf4 Bxf4 $1 32. Kh1 Qe6
33. Rg1+ Bg5 $15 34. Qg3 Kh7 35. Qb8 Qf5 $1 36. Qg3 (36. Qh8+ Kg6 37. Qg8+ Kh5
$19) 36... f6 $138 (36... Rh4 $5) 37. Qc7+ Kg6 38. Qg3 Kf7 (38... Kh5 $5) 39.
Qg2 Re7 (39... Re6 $17) 40. h4 $2 (40. Bxf6 Kxf6 (40... Bxf6 41. Qg8#) (40...
Qxf6 41. Rf1) 41. Rf1 Bf4 $1 42. Rxf4 (42. exf4 d4 $17) 42... Qxf4 43. exf4
Re1+ 44. Qg1 Rxg1+ 45. Kxg1 Kf5 $19) 40... Re4 $1 $19 41. Rf1 Rxh4+ 42. Kg1 Qe6
43. Rf3 Rg4 44. Rg3 h5 0-1

[Event "Neckar op-A 9th"]
[Site "Deizisau"]
[Date "2005.03.25"]
[Round "3"]
[White "Peng, Zhaoqin"]
[Black "Gurevich, Mikhail"]
[Result "1/2-1/2"]
[WhiteElo "2405"]
[BlackElo "2634"]
[Annotator "Gurevich,M"]
[PlyCount "84"]
[EventDate "2005.03.24"]
[EventType "swiss"]
[EventRounds "9"]
[EventCountry "GER"]
[SourceTitle "CBM 105 Extra"]
[Source "ChessBase"]
[SourceDate "2005.05.01"]
[SourceVersion "1"]
[SourceVersionDate "2005.05.01"]
[SourceQuality "1"]

1. d4 d5 2. c4 c6 3. Nc3 Nf6 4. Nf3 e6 5. e3 a6 6. c5 Nbd7 7. b4 g6 8. Bb2 Bg7
9. Qc2 $5 {TN} (9. Be2 O-O (9... Qc7 {-92/424}) 10. O-O Qc7 (10... Qe7 11. a4 (
11. Qc2 e5 12. Nxe5 Nxe5 13. dxe5 Qxe5 14. Nb5 Qe7 15. Nd6 Be6 16. Bd3 b6 17.
Rfe1 a5 18. a3 axb4 19. axb4 bxc5 20. bxc5 Nd7 {1/2-1/2 Dunis,A-Svetushkin,D/
Metz FRA 2005/The Week in Chess 547 (72)} 21. Bxg7 $5 Kxg7 22. e4 $5 $36) 11...
e5 12. b5 e4 13. Nd2 Re8 14. bxc6 bxc6 15. a5 Nf8 16. Na4 Bf5 17. Nb6 Ra7 18.
Qa4 Qe6 19. Nb1 g5 20. Nc3 Ng6 $40 {0-1 Kaidanov,G-Erenburg,S/Moscow RUS 2005/
The Week in Chess 539 (41)}) 11. Na4 Ne4 12. Nd2 Nxd2 13. Qxd2 e5 14. dxe5 Bxe5
15. Bxe5 Qxe5 16. Qd4 Re8 17. Qxe5 Rxe5 18. Rfd1 Nf6 19. Rd4 h5 20. h3 Bf5 21.
a3 {1/2-1/2 Psakhis,L-Gofshtein,Z/Ashdod ISR 2004/The Week in Chess 531 (21)})
9... O-O 10. Na4 (10. Be2 e5 $5 11. Nxe5 Nxe5 12. dxe5 Ng4 13. Bxg4 Bxg4 $44)
10... e5 $5 11. dxe5 (11. Nxe5 Nxe5 12. dxe5 Ng4 13. Nb6 Rb8 $132) 11... Ng4
12. h3 (12. e6 fxe6 13. Bxg7 Kxg7 14. Qb2+ Kg8 $5 $132) 12... Ngxe5 13. Nd4 Nf6
14. Be2 (14. Nb6 Rb8 15. Nxc8 Rxc8 16. Nf5 gxf5 17. Bxe5 Re8 $132) 14... Ne4
15. Nb6 Rb8 16. O-O Qh4 $5 $36 {[/\17...Bxh3->]} 17. Nxc8 Rbxc8 18. Nb3 (18.
Nf3 Nxf3+ 19. Bxf3 Rce8 $15) 18... f5 $5 19. Nd2 Ng5 $1 20. Rab1 $1 (20. f4
Nxh3+ 21. gxh3 Qg3+ 22. Kh1 Qxh3+ 23. Kg1 Ng4 $1 24. Bxg4 Qg3+ 25. Kh1 fxg4 26.
Bxg7 Rf5 $19) (20. Bxe5 Bxe5 21. Rab1 f4 $40) 20... f4 (20... Rce8 $5 {(/\21...
f4)->}) 21. exf4 Qxf4 $6 (21... Rxf4 22. g3 $1 Qh6 $1 (22... Nxh3+ 23. Kg2 Rg4
$1 $13) 23. Bxe5 Bxe5 24. Rb3 Nxh3+ 25. Kg2 Rh4 $1 $40) 22. Bc1 $1 {[/\23.Rb3]}
Qh4 23. Rb3 Ne6 24. Bb2 Nd4 (24... Nf4 25. Bd1 $1 $13) 25. Bxd4 Qxd4 26. Nf3
$11 Nxf3+ 27. Bxf3 Rce8 28. a3 Rf5 29. Qd1 Qc4 (29... Qxd1 30. Rxd1 $11) 30.
Rd3 Rfe5 31. g3 a5 $5 32. Qb3 a4 $6 (32... axb4 33. axb4 Ra8 34. Qxc4 dxc4 35.
Rd7 Rb8 36. Rc1 c3 37. Kg2 $11) 33. Qd1 $1 Bf6 34. Kg2 Kg7 35. h4 R5e7 36. Qd2
d4 37. Rc1 Qe6 38. Qc2 Qf5 39. Qc4 Re1 40. Rxe1 Rxe1 41. Rd1 Re7 42. Qd3 Qe6
1/2-1/2

[Event "Cappelle op 12th"]
[Site "Cappelle la Grande"]
[Date "1996.??.??"]
[Round "?"]
[White "Gurevich, Mikhail"]
[Black "Ruzele, Darius"]
[Result "1/2-1/2"]
[WhiteElo "2590"]
[BlackElo "2465"]
[Annotator "Gurevich,M"]
[PlyCount "181"]
[EventDate "1996.02.??"]
[EventType "swiss"]
[EventRounds "9"]
[EventCountry "FRA"]
[SourceTitle "CBM 051"]
[Source "ChessBase"]
[SourceDate "1996.04.01"]
[SourceVersion "1"]
[SourceVersionDate "1996.04.01"]
[SourceQuality "1"]

1. c4 c6 2. Nf3 d5 3. e3 Nf6 4. Nc3 e6 5. d4 Nbd7 6. Qc2 Bd6 7. Be2 O-O 8. O-O
Re8 9. Rd1 Qe7 10. a3 a5 11. h3 (11. b3 b6 12. Bb2 Bb7 13. Na4 Rec8 14. Ne5 b5
15. Nxd7 Nxd7 16. Nc3 b4 $132 {Epishin,V-Gelfand,B Ljubljana Eurocup tt 1995})
11... h6 12. b3 b6 (12... dxc4 13. bxc4 e5 14. Nh4 g6 15. dxe5 $6 Bxe5 16. Nf3
Bc7 17. Nd4 Nc5 $15 {Amura,C-Arakhamia,K Subotica 1991}) 13. e4 $5 Nxe4 14.
Nxe4 dxe4 15. Qxe4 Nf6 $5 16. Qh4 (16. Qxc6 $2 Bd7 17. Qxb6 Reb8 $19) 16... Bb7
17. Bf4 $1 Bxf4 (17... Bxa3 $2 18. Bxh6 $5 gxh6 19. Qxh6 Bd6 (19... Nh7 20. Bd3
f5 21. Qg6+ Kh8 (21... Kf8 22. Rxa3 Qxa3 23. Qxh7 $40) 22. Ne5 Rf8 23. Qh6 $16)
20. Bd3 c5 21. Ng5 $16 {(/\22.Bh7)}) 18. Qxf4 c5 19. Ne5 $14 {[><a5,b6.c5]}
Rad8 20. Rd3 $5 (20. Qe3 $5 $14 {(/\21.Rd3)}) 20... Be4 $1 (20... cxd4 21. Rxd4
Qc5 22. Rad1 Rxd4 23. Qxd4 $16) 21. Rg3 Kf8 $13 22. dxc5 bxc5 23. Re1 Rd4 24.
Bf3 Bb7 $5 (24... Bxf3 25. Qxf3 Qc7 26. Qc6 $14) 25. Qc1 Red8 26. Qc3 Bxf3 27.
Rxf3 Qc7 28. Rfe3 $10 Qb6 29. Nf3 Rd1 30. Rxd1 Rxd1+ 31. Re1 Ne4 32. Qc2 Rxe1+
33. Nxe1 Nd6 34. Nf3 Nf5 35. Qe4 $5 f6 (35... Qxb3 36. Qa8+ Ke7 37. Qxa5 $14
Qxc4 38. Qc7+ Ke8 39. Qxf7+ Kxf7 40. Ne5+ $16) 36. g4 Ne7 37. Qe3 Kf7 38. Nd2
Nc6 39. Nf3 Ne7 (39... Nd4 $10) 40. h4 Qd6 41. h5 Nc6 42. Qe4 Ne7 43. Kg2 Nc6
44. Ne1 $5 Ne5 (44... Nd4 45. Nd3 {(/\46.b4)} Nxb3 $4 46. Qb7+ Kg8 47. Qxb3 $18
) 45. f4 $5 Qd2+ 46. Kf1 Nd7 (46... Nxg4 47. Qg6+ $18) 47. Nf3 Qd1+ 48. Kg2
Qxb3 49. g5 $36 {[/\50.Qg6,51.gxh6]} f5 50. Qa8 $1 (50. Qc6 Ke7 51. Qc8 Qb8 $17
) 50... Qxc4 (50... Qb8 51. Qxa5 $14 Qxf4 52. Qd8 $18 Qg4+ 53. Kf2) 51. Qd8 $16
Qc2+ 52. Kg3 Nf8 53. Qc7+ $1 (53. Ne5+ Kg8 54. Ng6 Qc3+ $10) (53. g6+ Nxg6 54.
hxg6+ Kxg6 55. Qxa5 c4 $13) 53... Ke8 $8 (53... Kg8 54. g6 $18) 54. Qxg7 hxg5
55. fxg5 Qe4 56. g6 f4+ $8 57. Kg4 Qf5+ 58. Kh4 c4 59. Qh8 c3 60. Nd4 $2 $138 (
60. Qxc3 Nxg6+ 61. hxg6 Qxg6 62. Qc8+ Ke7 63. Qc7+ Ke8 64. Qxf4 $18) 60... Qd3
$1 {[/\61...Qg3 mate]} 61. Kg5 $8 f3 $1 62. Qf6 $2 (62. g7 Qd2+ 63. Kg4 Qxd4+
64. Kh3 Qf6 (64... Qf4 65. g8=Q f2 66. Qxe6+ Kd8 67. Qhf6+ $18) 65. g8=Q Qf5+
66. Qg4 $18) 62... Qd2+ 63. Kg4 Qg2+ 64. Kf4 {[#]} f2 $1 $10 65. Qf7+ Kd8 66.
Qxf8+ Kd7 67. Qf7+ Kc8 68. Qxe6+ Kb7 69. Qd7+ Ka8 70. Qc8+ Ka7 71. Qc7+ Ka6 72.
Qc4+ Kb7 73. Qb5+ Kc8 74. Qa6+ Kb8 (74... Qb7 $2 75. Qf1 $18) 75. Qb5+ Kc8 76.
Qc5+ Kb7 77. Qe7+ Kc8 78. Qe6+ Kb7 79. Qd7+ Ka8 80. Qc8+ Ka7 81. Nc6+ Kb6 (
81... Qxc6 82. Qxc6 f1=Q+ 83. Ke5 Qe2+ 84. Kf6 c2 85. g7 $14) 82. Qd8+ Kc5 (
82... Kxc6 $4 83. Qa8+ $18) 83. Qxa5+ Kd6 84. Qd8+ Kc5 85. Qf8+ Kb6 86. Qb8+
Kc5 87. Qa7+ Kd6 88. Qd4+ Kxc6 89. Qxc3+ Kb6 90. Qb4+ Ka6 91. Qa4+ 1/2-1/2

[Event "FIDE World Cup"]
[Site "Khanty-Mansiysk"]
[Date "2005.11.27"]
[Round "1.1"]
[White "Markus, Robert"]
[Black "Gurevich, Mikhail"]
[Result "1/2-1/2"]
[WhiteElo "2579"]
[BlackElo "2652"]
[Annotator "Gurevich,M"]
[PlyCount "91"]
[EventDate "2005.11.27"]
[EventType "k.o."]
[EventRounds "7"]
[EventCountry "RUS"]
[SourceTitle "CBM 111"]
[Source "ChessBase"]
[SourceDate "2006.04.04"]
[SourceVersion "1"]
[SourceVersionDate "2006.04.04"]
[SourceQuality "1"]

1. d4 d5 2. c4 c6 3. Nc3 Nf6 4. e3 e6 5. Nf3 a6 6. c5 Nbd7 7. b4 g6 8. Bd3 Bg7
9. O-O O-O 10. Na4 Re8 $5 {/\11...e5} (10... Ne4 11. Bb2 Qc7 12. Ne5 $1 Nxe5
13. dxe5 Bxe5 14. Bxe5 Qxe5 15. f4 Qc7 16. Nb6 Ra7 17. Bxe4 dxe4 18. Qd6 $18 {
1-0 Damljanovic,B-Georgiev,V/Gothenburg 2005/Mega2006 (33)}) 11. h3 (11. Bb2 e5
12. Nxe5 Nxe5 13. dxe5 Ng4 14. Nb6 Rb8 $132) 11... e5 12. dxe5 Nxe5 13. Nxe5
Rxe5 14. Bb2 Re8 15. Qf3 Nd7 $5 (15... Ne4 16. Bxg7 Kxg7 17. Nb6 Rb8 18. Qf4
$14) 16. Bxg7 Kxg7 17. Qf4 Qf6 18. Qxf6+ (18. Qg3 Qe5 $5) (18. Qd4 Ne5 $132)
18... Kxf6 $5 (18... Nxf6 19. Nb6 Rb8 20. Nxc8 Rbxc8 $11) 19. Rfd1 Rb8 20. a3
Nf8 {[/\21...Bf5]} 21. Nc3 Bf5 22. Bxf5 Kxf5 23. g4+ $5 {[/\Kg1-g2-g3]} Kf6 24.
Kg2 h5 25. Kg3 (25. gxh5 gxh5 26. Ne2 Ne6 $132) 25... Re5 26. Rd3 Rbe8 27. Re1
hxg4 28. hxg4 g5 $11 29. Rh1 Kg6 30. Ne2 f5 31. gxf5+ Rxf5 32. Nd4 Rf7 33. Rh8
Kg7 34. Rh5 Kg6 35. Rh8 Rfe7 (35... Kg7 $11) 36. Rd1 Nh7 37. Rxe8 Rxe8 38. Re1
$5 {[/\39.f3]} Nf6 39. f3 Re7 40. Nb3 g4 $5 41. fxg4 Kg5 (41... Re4 42. Na5
Nxg4 43. Nxb7 $36) 42. Nd2 $1 $11 Nxg4 43. Nf3+ Kf5 44. Nd4+ Kg5 45. Nf3+ Kf5
46. Nd4+ 1/2-1/2

[Event "Metz op 23rd"]
[Site "Metz"]
[Date "2005.04.18"]
[Round "3"]
[White "Bronznik, Valerij"]
[Black "Gurevich, Mikhail"]
[Result "0-1"]
[WhiteElo "2389"]
[BlackElo "2630"]
[Annotator "Gurevich,M"]
[PlyCount "74"]
[EventDate "2005.04.16"]
[EventType "swiss"]
[EventRounds "9"]
[EventCountry "FRA"]
[SourceTitle "CBM 105 Extra"]
[Source "ChessBase"]
[SourceDate "2005.05.01"]
[SourceVersion "1"]
[SourceVersionDate "2005.05.01"]
[SourceQuality "1"]

1. d4 d5 2. c4 c6 3. Nf3 Nf6 4. Nc3 e6 5. e3 a6 6. Qc2 c5 7. cxd5 exd5 8. dxc5
Bxc5 9. Ne2 Ne4 $5 {TN} (9... Bd6 10. Ned4 O-O 11. Be2 Re8 12. O-O Bd7 13. b3
Nc6 14. Bb2 Nb4 15. Qb1 Ne4 16. a3 Nc6 17. Nxc6 bxc6 18. Qc2 a5 $132 {0-1
Drozdovskij,Y-Malakhatko,V/Kharkov 2004/CBM 103 (80)}) 10. Ned4 Nd7 $5 (10...
O-O 11. Bd3 Qa5+ $5 $132) 11. a3 (11. Bd3 Ndf6) 11... Ndf6 12. Bd3 Bg4 13. b4 (
13. h3 Bh5 14. O-O Rc8 $132) 13... Ba7 $5 (13... Bd6 14. Bb2 Rc8 15. Qa4+ Bd7
16. Qb3 $14) 14. Bb2 O-O (14... Rc8 15. Qa4+ $14) 15. Be2 (15. O-O Rc8 16. Qe2
(16. Qb3 Bxd4 17. Bxd4 Bxf3 18. gxf3 Nd2 $15) 16... Nc3 $36) 15... Rc8 16. Qd3
Nd6 $5 {[/\17...Nc4,18...Ne4<=>]} 17. O-O Nc4 18. Bc3 Ne4 19. Rfc1 Bb8 (19...
Re8 $5) (19... Nxc3 20. Rxc3 Qf6 21. Rac1 b5 $132) 20. Be1 Qf6 21. b5 $5 {<=><<
} axb5 22. Nxb5 Rfd8 23. Rab1 Qh6 (23... Bxf3 24. Bxf3 Ne5 25. Qd1 $13) 24. g3
$6 (24. Nbd4 $5 $13 Ne5 $2 25. Nxe5 Bxe2 (25... Bxe5 26. Bxg4 Qxh2+ 27. Kf1 $16
) 26. Rxc8 Rxc8 27. Nxe2 Bxe5 28. f4 $16) 24... Qh5 $40 25. Nbd4 Bd6 (25... Ba7
$5) 26. Bb4 Be5 $1 {[/\27...Bxd4|^]} 27. Nxe5 Nxe5 28. Qd1 {D} Nxf2 $1 29. Kxf2
Qxh2+ 30. Ke1 Qxg3+ 31. Kd2 Bxe2 32. Kxe2 (32. Qxe2 Nc4+ 33. Kd3 Qg6+ $19) (32.
Nxe2 Nf3+ 33. Kd3 Qg6+) 32... Qg2+ 33. Ke1 Qe4 $5 (33... Rxc1 34. Rxc1 Re8 $40)
34. Ke2 Rc4 $17 35. Rxc4 $6 $138 dxc4 $19 36. Bc3 (36. Qc2 Rxd4 $19) 36... Qg2+
37. Ke1 Nd3+ 0-1

[Event "Bonn GSK-2"]
[Site "Bonn"]
[Date "1995.??.??"]
[Round "9"]
[White "Grimm, Sascha"]
[Black "Gurevich, Mikhail"]
[Result "0-1"]
[WhiteElo "2320"]
[BlackElo "2585"]
[Annotator "Gurevich,M"]
[PlyCount "48"]
[EventDate "1995.??.??"]
[EventType "tourn"]
[EventRounds "11"]
[EventCountry "GER"]
[EventCategory "7"]
[SourceTitle "EXT 1997"]
[Source "ChessBase"]
[SourceDate "1996.11.15"]
[SourceVersion "1"]
[SourceVersionDate "1996.11.15"]
[SourceQuality "1"]

1. Nf3 d5 2. c4 c6 3. d4 Nf6 4. Nc3 e6 5. e3 Nbd7 6. Qc2 Bd6 7. Be2 O-O 8. O-O
Re8 9. Bd2 Qe7 10. Rad1 h6 $5 (10... b6 11. Rfe1 Bb7 12. e4 Nxe4 13. Nxe4 dxe4
14. Qxe4 Nf6 15. Qh4 c5 16. d5 $36 {Naumkin,I-Sakaev,K St.Peterburg 1992}) 11.
e4 (11. Rfe1 dxc4 12. Bxc4 e5 13. Nh4 Nb6 14. Ng6 Qc7 15. dxe5 Nxc4 16. exd6
Nxd6 17. Nf4 Bf5 $132) 11... Nxe4 12. Nxe4 dxe4 13. Qxe4 e5 $132 14. Bc3 $6 (
14. dxe5 $142 Nxe5 15. Rfe1 $10) 14... Nf6 15. Qh4 e4 16. Ne5 (16. Ne1 Kh7 $5 {
(/\17...g5-+)}) 16... c5 $1 17. f4 $8 exf3 18. Bxf3 $5 (18. Nxf3 $2 Qe3+ $1 (
18... Qxe2 $6 19. Rde1 Qxc4 20. Rxe8+ Nxe8 21. Qd8 $44) 19. Kh1 (19. Qf2 Ng4
$19) 19... Re4 $1 $19) 18... cxd4 {[#]} 19. Nxf7 $1 Qxf7 20. Bxd4 Be7 $1 (20...
Be5 21. Bxe5 Rxe5 22. Rd8+ Kh7 (22... Ne8 23. Bd5 $13) (22... Re8 23. Rxc8 $1
Raxc8 24. Bd5 Re6 25. Rxf6 $1 gxf6 26. Qg4+ Kf8 27. Bxe6 f5 28. Bxf7 fxg4 29.
Bd5 $13) 23. Qd4 $5 (23. Be4+ $5 Bf5 $1 (23... Rxe4 24. Qxe4+ Nxe4 25. Rxf7 $16
) 24. Bxf5+ Rxf5 25. Rxa8 Rxf1+ 26. Kxf1 Ne4+ 27. Kg1 Qxc4 28. Qe1 Qd4+ 29. Kf1
Qc4+ 30. Qe2 Qc1+ $10)) 21. Rde1 $2 (21. Bxf6 $1 Bxf6 22. Bh5 Bxh4 $1 (22...
Qe6 23. Rxf6 gxf6 24. Bxe8 (24. Qg3+ Kh8 25. Qg6 Qe3+ 26. Kf1 Qf4+ 27. Kg1 Be6
$19) 24... Qxe8 25. Qxh6 (25. Qxf6 Bg4 $17) 25... Bg4 26. Rf1 $1 $13) 23. Bxf7+
Kf8 24. Bxe8+ Kxe8 $15) 21... Be6 22. b3 (22. Bxb7 Bxc4 23. Rxe7 (23. Bxa8 Bxf1
24. Bxf6 Bc5+ $1 25. Kxf1 Rxa8 $19) 23... Qxe7 24. Bxa8 (24. Bxf6 Qe3+ $19)
24... Bxf1 $19) 22... Rad8 23. Bxb7 Bb4 $1 $19 24. Rxf6 (24. Bxf6 Bxe1 25. Bxd8
Bxh4 26. Rxf7 Rxd8 $19) 24... Bxe1 (24... Bxe1 25. Rxf7 Bxh4 26. Rxg7+ Kf8 $19)
0-1